000 00735nam a2200241 a 4500
001 000022857
005 20200930021835.0
008 101119s1994 ag r 000 f spa d
020 _a9501513726
040 _aDO-SdBNP
_bspa
_cBNPHU
082 _a813.5
_bQ61e
100 1 _aQuick, Amanda,
_d1948-
_946974
240 1 0 _aScandal.
_lEspañol.
245 1 0 _aEscándalo /
_cAmanda Quick; traducción, Ana Mazzía.
260 _aBuenos Aires, (Argentina) :
_bJavier Vergara,
_c1994.
300 _a281 p. ;
_c23 cm.
534 _aTítulo original:
_tScandal
650 4 _aNovela estadounidense
_9262
650 4 _aLiteratura estadounidense
_9263
650 4 _aMagia
_xNovela
_946975
700 1 _aMazzía, Ana
_etr.
_946976
049 _aBNGR
999 _c22354
_d22354